La divina commedia. (Record no. 22285)

MARC details
000 -LEADER
campo de control de longitud fija 00625nam a2200205 i 4500
001 - NÚMERO DE CONTROL
campo de control 22285
003 - IDENTIFICADOR DE NÚMERO DE CONTROL
campo de control ES-MaACL
005 - FECHA Y HORA DE LA ÚLTIMA TRANSACCIÓN
campo de control 20240127062956.0
007 - CAMPO FIJO DE DESCRIPCIÓN FÍSICA--INFORMACIÓN GENERAL
campo de control de longitud fija t|
008 - DATOS DE LONGITUD FIJA--INFORMACIÓN GENERAL
campo de control de longitud fija 021202s1861 fr ||||1| ita d
080 ## - NÚMERO DE LA CLASIFICACIÓN DECIMAL UNIVERSAL
Número de la Clasificación Decimal Universal 821.131.1-13"12"
100 0# - ENTRADA PRINCIPAL--NOMBRE DE PERSONA
Nombre de persona Dante Alighieri,
Fechas asociadas al nombre 1265-1321
9 (RLIN) 42657
245 13 - MENCIÓN DEL TÍTULO
Título La divina commedia.
Número de parte o sección de la obra I,
Nombre de parte o sección de la obra L'inferno /
Mención de responsabilidad, etc. di Dante Alighieri ; colle figure di G. Doré.
260 ## - PUBLICACIÓN, DISTRIBUCIÓN, ETC.
Lugar de publicación, distribución, etc. Parigi :
Nombre del editor, distribuidor, etc. L. Hachette e Cia.,
Fecha de publicación, distribución, etc. 1861 (
Fabricante G. Lahre e Cia.)
300 ## - DESCRIPCIÓN FÍSICA
Extensión 1 v. ;
Dimensiones 44 cm.
700 1# - ENTRADA AGREGADA--NOMBRE PERSONAL
Nombre de persona Doré, Gustave.
9 (RLIN) 45388
740 22 - ENTRADA AGREGADA--TÍTULO RELACIONADO/ANALÍTICO NO CONTROLADO
Título relacionado o analítico no controlado L'inferno.
852 ## - LOCALIZACIÓN
Ubicación ES-MaACL
Número de control de estantería B-7756
Holdings
Estatus retirado Estado de pérdida Estado de daño No para préstamo Colección Biblioteca de origen Biblioteca actual Ubicación en estantería Fecha de adquisición Fuente de adquisición Total de préstamos Signatura topográfica completa Código de barras Visto por última vez Precio de reemplazo Tipo de ítem Koha
        Libros del s. XIX Biblioteca del Ateneo de Madrid Biblioteca del Ateneo de Madrid Sala Pardo Bazán 17/01/2008     B-7756 1022938 23/02/2023 23/02/2023 Libro impreso antiguo